Miasta województwa łódzkiego - Statystyki

Ogólne statystyki
  • Ten quiz został rozwiązany 14 razy
    4 od ostatniego zresetowania
  • Średni wynik to 23 z 52
Statystyki odpowiedzi
Odpowiedź % Poprawnych
Aleksandrów Łódzki
75%
Brzeziny
75%
Konstantynów Łódzki
75%
Kutno
75%
Łask
75%
Łęczyca
75%
Łódź
75%
Łowicz
75%
Ozorków
75%
Pabianice
75%
Rzgów
75%
Sieradz
75%
Wieluń
75%
Wieruszów
75%
Zduńska Wola
75%
Zgierz
75%
Bełchatów
50%
Biała Rawska
50%
Głowno
50%
Jeżów
50%
Krośniewice
50%
Lututów
50%
Opoczno
50%
Pajęczno
50%
Piotrków Trybunalski
50%
Poddębice
50%
Radomsko
50%
Rawa Mazowiecka
50%
Skierniewice
50%
Tomaszów Mazowiecki
50%
Tuszyn
50%
Warta
50%
Żarnów
50%
Zelów
50%
Złoczew
50%
Błaszki
25%
Kamieńsk
25%
Koluszki
25%
Lutomiersk
25%
Szadek
25%
Szczerców
25%
Żychlin
25%
Brzeźnio
0%
Gluchów
0%
Ksawerów
0%
Nieborów
0%
Przedbórz
0%
Rozprza
0%
Smardzewice
0%
Sulejów
0%
Widawa
0%
Wolbórz
0%
Nie znaleziono quizów pasujących do podanych kryteriów
Rozkład punktacji
Procent ludzi z każdym wynikiem
Percentyl według liczby udzielonych odpowiedzi
Twoja historia wyników
Nie rozwiązałeś tego quizu od ostatniego zresetowania